| 000 | 00712nam a2200193Ia 4500 | ||
|---|---|---|---|
| 003 | GCL | ||
| 008 | 140319s9999 xx 000 0 ara d | ||
| 040 |
_aGCL / _cGCL |
||
| 082 | 0 | 4 |
_a345.04 _bم ح |
| 100 | 1 | _aمجدى محب حافظ | |
| 245 | 1 | 0 |
_aالحبس الاحتياطى : فى ضوء احدث تعديلات قانون الاجراءات الجنائية بشأن الحبس الاحتياطى عام 1995 / _cمجدى محب حافظ |
| 300 | _a230 ص | ||
| 490 |
_a100 قصة _v0 |
||
| 650 | 0 | 4 | _aالقانون الجنائى |
| 650 | 0 | 4 | _aقانون الاجراءات الجنائية |
| 650 | 0 | 4 | _aقانون الاجراءات |
| 650 | 0 | 4 | _aالحبس الاحتياطى |
| 942 |
_2ddc _cBK |
||
| 999 |
_c43984 _d43984 |
||